[Event "CZE-ch U10"]
[Site "Teplice"]
[Date "2023.11.16"]
[Round "4"]
[White "Dlouhy, Martin"]
[Black "Tuma, Francisco"]
[Result "0-1"]
[WhiteElo "1000"]
[BlackElo "1000"]
[PlyCount "150"]
[EventDate "2023.11.15"]
[EventType "swiss"]
[EventRounds "9"]
[EventCountry "CZE"]
[SourceTitle "CB47_2023"]
[SourceDate "2023.11.22"]
[SourceVersion "1"]
[SourceVersionDate "2023.11.22"]
[SourceQuality "1"]

1. c4 e5 2. Nc3 Nc6 3. Nf3 Bc5 4. g3 Nf6 5. Bg2 d6 6. d3 0-0 7. Bg5 h6 8. Bxf6 Qxf6 9. 0-0 Bf5 10. Nd5 Qd8 11. a3 Re8 12. Nh4 Bh7 13. b4 Bd4 14. Rb1 e4 15. dxe4 Bf6 16. Nxf6+ Qxf6 17. e5 Nxe5 18. Rc1 c6 19. Nf3 Nxf3+ 20. Bxf3 Qb2 21. Ra1 Rad8 22. Re1 Rd7 23. c5 d5 24. e3 Rde7 25. Re2 Qf6 26. Bg2 d4 27. Qb3 dxe3 28. Rae1 exf2+ 29. Rxf2 Rxe1+ 30. Bf1 Rb1 31. Qxb1 Qxf2+ 32. Kxf2 Bxb1 33. Bc4 Re4 34. Bf1 h5 35. Be2 h4 36. Bf3 hxg3+ 37. hxg3 Rc4 38. Ke2 Bc2 39. Kd2 Kh7 40. Be2 Rg4 41. Bxg4 Ba4 42. Ke3 Kg6 43. Kf4 Kf6 44. Bc8 b6 45. cxb6 axb6 46. Bh3 g5+ 47. Ke3 Ke5 48. g4 Kd5 49. Kd3 c5 50. Bg2+ Ke5 51. bxc5 bxc5 52. Kc4 Kf4 53. Kxc5 Kxg4 54. Kd4 Kg3 55. Bf1 f5 56. Be2 g4 57. Ke3 f4+ 58. Kd2 f3 59. Bf1 Kf2 60. Bc4 g3 61. Bd3 g2 62. Be4 g1Q 63. Kd3 Qb1+ 64. Kd4 Qa1+ 65. Kc4 Qxa3 66. Bxf3 Bb5+ 67. Kd5 Qxf3+ 68. Ke5 Bc4 69. Kd6 Qd5+ 70. Kc7 Bb5 71. Kb6 Qd6+ 72. Ka5 Ke3 73. Kxb5 Kd4 74. Ka5 Kc4 75. Ka4 Qb4# 0-1

[Event "CZE-ch U10"]
[Site "Teplice"]
[Date "2023.11.15"]
[Round "2"]
[White "Hurt, Marek"]
[Black "Tuma, Francisco"]
[Result "0-1"]
[WhiteElo "1067"]
[BlackElo "1000"]
[PlyCount "70"]
[EventDate "2023.11.15"]
[EventType "swiss"]
[EventRounds "9"]
[EventCountry "CZE"]
[SourceTitle "CB47_2023"]
[SourceDate "2023.11.22"]
[SourceVersion "1"]
[SourceVersionDate "2023.11.22"]
[SourceQuality "1"]

1. e4 e5 2. Nf3 Nc6 3. Bc4 Nd4 4. c3 Nxf3+ 5. Qxf3 Nf6 6. d4 exd4 7. cxd4 Bb4+ 8. Bd2 Bxd2+ 9. Nxd2 0-0 10. 0-0 d6 11. Rfe1 Re8 12. Re2 Bg4 13. Qe3 Bxe2 14. Qxe2 d5 15. Bd3 dxe4 16. Bxe4 Qxd4 17. Re1 Rad8 18. Nf3 Qxe4 19. Qxe4 Rxe4 20. Rc1 h6 21. h3 Re2 22. Rxc7 Rxb2 23. Ne5 Rf8 24. g3 Ne4 25. Ng4 Rxa2 26. Rxb7 a5 27. Kg2 h5 28. Ne5 Rxf2+ 29. Kg1 Re8 30. Nd3 Ra2 31. Nf4 a4 32. Ra7 Nxg3 33. Nd3 Rd2 34. Rxa4 Rxd3 35. Kf2 Re2+ 0-1